Joueurs passés par le Stade Lavallois - Mort Subite - Statistiques

Statistiques générales
  • Ce quiz a été pris 264 fois
  • Le résultat moyen est 4 sur 20
Answers on the Grid
Answers color-coded by a green-red scale on the quiz's grid according to % correct below.
Yoane WISSA
Toifilou MAOULIDA
Teddy BERTIN
Serhou GUIRASSY
Xavier GRAVELAINE
Thomas LOUIS
Laurent LEROY
Robert MALM
Raymond KERUZORE
Mohammed DIALLO
Peter MOILCUH
Pablo PAGIS
Marco SIMONE
Nordi MUKIELE
Matthieu PICHOT
Laurent DUHAMEL
Stéphane LE GARREC
Romain HAMOUMA
Laurent DELAMONTAGNE
Julio TAVARES
Mickaël PAGIS
Jean-Claude DARCHEVILLE
Karl THORDARSSON
Laurent PAGANELLI
Hervé ALICARTE
Jérôme LEMPEREUR
Jean-Marc FURLAN
Franck HAISE
Denis STINAT
Dagui BAKARI
Jacques ROSE
Denis GROGNIART
Guilherme MAURICIO
Frank LEBOEUF
Franck DUMAS
Didier PHILIPPE
Alexy BOSETTI
Corentin MARTINS
Bruno STECK
Didier CHRISTOPHE
 
Statistiques - réponses
Réponse % Correct
Serhou GUIRASSY
60%
Yoane WISSA
49%
Pablo PAGIS
48%
Nordi MUKIELE
44%
Frank LEBOEUF
32%
Romain HAMOUMA
25%
Franck HAISE
24%
Mickaël PAGIS
23%
Alexy BOSETTI
16%
Xavier GRAVELAINE
12%
Guilherme MAURICIO
11%
Jean-Marc FURLAN
8%
Matthieu PICHOT
8%
Raymond KERUZORE
8%
Thomas LOUIS
6%
Karl THORDARSSON
5%
Bruno STECK
4%
Stéphane LE GARREC
4%
Didier PHILIPPE
1%
Jacques ROSE
0%
Aucun quiz correspondant
Distribution des résultats
% des personnes avec chaque résultat
Percentile par nombre de réponses
Votre historique - résultats
Vous n’avez pas pris ce quiz